Social indicators and welfare monitoring /
En el presente informe, redactado con motivo del Seminario de Copenhague para el Progreso Social, Gosta Esping-Andersen analiza los criterios sobre la medición del bienestar establecidos desde la década de los años 60. El intento de registrar y valorar los cambios en lo que concierne al bienestar en...
Збережено в:
| Автор: | |
|---|---|
| Формат: | Текст |
| Предмети: | |
| Теги: |
Додати тег
Немає тегів, Будьте першим, хто поставить тег для цього запису!
|
MARC
| LEADER | 00000 a a2200000 04500 | ||
|---|---|---|---|
| 001 | 43521 | ||
| 003 | |||
| 040 | |||
| 100 | |a Esping-Andersen, Gøsta | ||
| 245 | |a Social indicators and welfare monitoring / |c Gøsta Esping-Andersen | ||
| 500 | |a Social Policy and Development Programme Paper Number 2 | ||
| 520 | |a En el presente informe, redactado con motivo del Seminario de Copenhague para el Progreso Social, Gosta Esping-Andersen analiza los criterios sobre la medición del bienestar establecidos desde la década de los años 60. El intento de registrar y valorar los cambios en lo que concierne al bienestar en las últimas cuatro décadas se ha visto influido por diversos factores, inclusive la evolución ideológica , las dificultades prácticas que suponen los conceptos y los datos, y los cambios objetivos de las condiciones sociales. | ||
| 590 | |a RRA/AGOSTO2012 | ||
| 650 | |a 1.BIENESTAR SOCIAL | ||
| 650 | |a 2.MEDICION | ||
| 650 | |a 3.TEORIA | ||
| 650 | |a 4.POLITICA SOCIAL | ||
| 650 | |a 5.SEGURIDAD HUMANA | ||
| 650 | |a 6.FAMILIA | ||
| 773 | |g núm.2 (2000 ), 19 páginas : tablas | ||
| 999 | |c 36335 |d 36335 | ||
